书目信息 |
| 题名: |
Lightscape/VRa/MaxWell室内外效果图表现技法实例详解
|
|
| 作者: | 熊绍辉 编著 | |
| 分册: | ||
| 出版信息: | 北京 人民邮电出版社 2006.07 |
|
| 页数: | 340页 | |
| 开本: | 26cm | |
| 丛书名: | ||
| 单 册: | ||
| 中图分类: | TU201.4 | |
| 科图分类: | ||
| 主题词: | 建筑设计--jian zhu she ji--计算机辅助设计--图形软件 | |
| 电子资源: | ||
| ISBN: | 7-115-14996-8 | |
| 000 | 01094nam0 2200229 450 | |
| 001 | 012007501091 | |
| 005 | 20110623145314.83 | |
| 010 | @a7-115-14996-8@dCNY78.00 (附光盘) | |
| 100 | @a20070204d2006 km y0chiy0120 ea | |
| 101 | 0 | @achi |
| 102 | @aCN@b110000 | |
| 105 | @aa z 000yy | |
| 200 | 1 | @aLightscape/VRa/MaxWell室内外效果图表现技法实例详解@ALightscape/VRa/MaxWell shi nei wai xiao guo tu biao xian ji fa shi li xiang jie@f熊绍辉编著@Fxiong shao hui bian zhu |
| 210 | @a北京@c人民邮电出版社@d2006.07 | |
| 215 | @a340页@c图@d26cm@e光盘1片 | |
| 307 | @a光盘 ISBN : 7-89488-172-4 | |
| 330 | @a本书主要讲解了室内外效果图的渲染与表现技法。全书共分为3部分,即Lightscape部分、VRay部分和MaxWell部分,通过15个作者在实际工作中运用的案例场景来完成3大渲染利器的各项知识点的讲解。附录给出了Lightscape操作的常见问题解析,并录制了典型案例的视频操作录像,同时还在光盘中附赠了大量实际工程的场景模型文件。 | |
| 606 | 0 | @a建筑设计@Ajian zhu she ji@x计算机辅助设计@x图形软件 |
| 690 | @aTU201.4@v4 | |
| 701 | 0 | @a熊绍辉@Axiong shao hui@4编著 |
| 801 | 0 | @aCN@c20110623 |
| 905 | @a10447@dTU201.4@eX644 | |
| Lightscape/VRa/MaxWell室内外效果图表现技法实例详解/熊绍辉编著.-北京:人民邮电出版社,2006.07 |
| 340页:图;26cm+光盘1片 |
| ISBN 7-115-14996-8:CNY78.00 (附光盘) |
| 本书主要讲解了室内外效果图的渲染与表现技法。全书共分为3部分,即Lightscape部分、VRay部分和MaxWell部分,通过15个作者在实际工作中运用的案例场景来完成3大渲染利器的各项知识点的讲解。附录给出了Lightscape操作的常见问题解析,并录制了典型案例的视频操作录像,同时还在光盘中附赠了大量实际工程的场景模型文件。 |
| ● |
| 相关链接 |
|
|
|
正题名:Lightscape/VRa/MaxWell室内外效果图表现技
索取号:TU201.4/X644
 
预约/预借
| 序号 | 登录号 | 条形码 | 馆藏地/架位号 | 状态 | 备注 |
| 1 | 235881 | 202358812 | 自科二线404/404自科库 23排5列1层/ [索取号:TU201.4/X644] | 在馆 | |
| 2 | 235882 | 202358821 | 建筑库101/ [索取号:TU201.4/X644] | 在馆 | |
| 3 | 235883 | 202358830 | 建筑库101/ [索取号:TU201.4/X644] | 在馆 | |
| 4 | 842083 | 208420831 | 建筑库101/101建筑库 36排2列4层/ [索取号:TU201.4/X644] | 在馆 | |
| 5 | 842084 | 208420840 | 建筑库101/101建筑库 36排2列4层/ [索取号:TU201.4/X644] | 在馆 |